Statistics for Roddy Ricch - Please Excuse Me for Being Antisocial (tracklist)

Click here to take the quiz!

General Stats

  • This quiz has been taken 11 times
  • The average score is 8 of 16

Answer Stats

HintAnswer% Correct
2The Box
100%
16War Baby
78%
1Intro
67%
8 (ft. Meek Mill)Peta
67%
3 (ft. Gunna)Start wit Me
56%
15 (ft. A Boogie wit da Hoodie)Tip Toe
56%
12 (ft. Ty Dolla $ign)Bacc Seat
44%
9Boom Boom Room
44%
11 (ft. Mustard)High Fashion
44%
5 (ft. Lil Durk)Moonwalkin
44%
14Prayers to the Trap God
44%
13Roll Dice
44%
10Elyse's Skit
33%
6Big Stepper
22%
7Gods Eyes
22%
4Perfect Time
22%

Score Distribution

Percentile by Number Answered

Percent of People with Each Score

Your Score History

You have not taken this quiz